00365nam a2200133Ia 4500008004100000020001800041040002900059050002200088100002500110245003900135260003500174942000700209999001500216230107s9999||||xx |||||||||||||| ||und|| a9966-44-280-4 cChuka University Library aHF 5001bR53 1992 aRichardson,A.G92741 0aCase studies in business planning aDitman publisherbLondonc1992 cBK c9453d9453